Online
Catalog

Rápido tránsito : (Record no. 8965)

MARC details
000 -CABECERA
campo de control de longitud fija 00701cam a2200205 a 4500
001 - NÚMERO DE CONTROL
campo de control 000009202
005 - FECHA Y HORA DE LA ÚLTIMA TRANSACCIÓN
campo de control 20200929161522.0
008 - DATOS DE LONGITUD FIJA--INFORMACIÓN GENERAL
campo de control de longitud fija 890307s1985 nq 000 f spa
040 ## - FUENTE DE LA CATALOGACIÓN
Centro catalogador/agencia de origen DO-SdBNP
Centro/agencia transcriptor DLC
Centro/agencia modificador DLC
082 ## - NÚMERO DE LA CLASIFICACIÓN DECIMAL DEWEY
Número de clasificación N863.4
Número de documento/Ítem C822r
100 1# - ENTRADA PRINCIPAL--NOMBRE DE PERSONA
Nombre de persona Coronel Urtecho, José,
Fechas asociadas al nombre 1906-1994.
9 (RLIN) 23884
245 10 - MENCIÓN DE TÍTULO
Título Rápido tránsito :
Resto del título al ritmo de norteamerica /
Mención de responsabilidad, etc. José Coronel Urtecho.
260 ## - PUBLICACIÓN, DISTRIBUCIÓN, ETC.
Lugar de publicación, distribución, etc. Managua, Nicaragua :
Nombre del editor, distribuidor, etc. Nueva Nicaragua,
Fecha de publicación, distribución, etc. [1985].
300 ## - DESCRIPCIÓN FÍSICA
Extensión 191 p. ;
Dimensiones 20 cm.
490 1# - MENCIÓN DE SERIE
Mención de serie Letras de Nicaragua
Designación de volumen o secuencia 15
650 #4 - PUNTO DE ACCESO ADICIONAL DE MATERIA--TÉRMINO DE MATERIA
Término de materia o nombre geográfico como elemento de entrada Novela nicaragüense
9 (RLIN) 22434
650 #4 - PUNTO DE ACCESO ADICIONAL DE MATERIA--TÉRMINO DE MATERIA
Término de materia o nombre geográfico como elemento de entrada Literatura nicaragüense
Subdivisión cronológica SIGLO XX
9 (RLIN) 8729
830 #0 - PUNTO DE ACCESO ADICIONAL DE SERIE-TÍTULO UNIFORME
Título uniforme Letras de Nicaragua ;
Designación de volumen o secuencia 15.
9 (RLIN) 8119
910 ## - DATOS DE OPCIÓN DEL USUARIO (OCLC)
Datos de opción del usuario Catalogación por copia / LC
Holdings
Estado de retiro Estado de pérdida Restricciones de uso No para préstamo Código de colección Localización permanente Ubicación/localización actual Ubicación en estantería Fecha de adquisición Número de inventario Total de préstamos Signatura topográfica completa Código de barras Fecha visto por última vez Precio válido a partir de Tipo de ítem Koha
    Préstamo interno   Monografías: Libros y Folletos General General En catalogación 28.09.2009 LF1   N863.4 C822r 9202-10 25.06.2020 25.06.2020 Préstamo interno

Powered by Koha